[Event "Terrassa op"]
[White "Gonzalez Rodriguez, Jorge Antonio"]
[Black "Van Riemsdijk, Herman Claudius"]
[Site "Terrassa"]
[Round "6"]
[Result "0-1"]
[Date "2006.07.02"]
[WhiteElo "2447"]
[BlackElo "2376"]
[PlyCount "96"]
[EventDate "2006.07.02"]
[EventType "swiss"]
[EventRounds "9"]
[EventCountry "ESP"]
[SourceTitle "EXT 2024"]
[Source "ChessBase"]
[SourceDate "2023.10.10"]
[SourceVersion "1"]
[SourceVersionDate "2023.10.10"]
[SourceQuality "1"]

1. b3 e5 2. Bb2 Nc6 3. e3 Nf6 4. Nf3 d6 5. d4 exd4 6. Nxd4 Bd7 7. c4 Be7 8. Be2 0-0 9. Nc3 Nxd4 10. Qxd4 c5 11. Qd3 Bc6 12. Bf3 Bxf3 13. gxf3 Qa5 14. 0-0-0 b5 15. cxb5 a6 16. Rhg1 g6 17. Kb1 axb5 18. Qxb5 Qc7 19. Qc4 Rfb8 20. Nb5 Qb6 21. Nxd6 Bxd6 22. Bxf6 Bxh2 23. Bb2 Bxg1 24. Rxg1 Qa6 25. Qc3 f6 26. a3 Rd8 27. Ka2 Rd3 28. Qxc5 Rd2 29. Rc1 Rxf2 30. a4 Rd8 31. Ka3 Rxf3 32. Bd4 Rf5 33. Qe7 Qd6+ 34. Qxd6 Rxd6 35. b4 Rf3 36. Kb2 f5 37. Bc5 Rd2+ 38. Kc3 Ra2 39. Kb3 Rff2 40. a5 h5 41. Kc4 Rfc2+ 42. Rxc2 Rxc2+ 43. Kb3 Rd2 44. a6 h4 45. a7 Rd8 46. Bd6 Ra8 47. Bb8 h3 48. b5 Rxa7 0-1